00285nam a2200121Ia 4500008004100000100002400041245002200065260003000087300000800117650001400125942000700139999001700146190216s9999||||xx |||||||||||||| ||und|| aPala Narayanan Nair 0aKeralam Valarunnu bNational Book Stallc1958 a79p aKavithkal cBK c24103d24103